[Event "Wijk aan Zee II"]
[Site "Wijk aan Zee II"]
[Date "1996.??.??"]
[Round "8"]
[White "Antunes, Antonio"]
[Black "Gretarsson, Helgi&Ass"]
[Result "0-1"]
[WhiteElo "2545"]
[BlackElo "2450"]
[PlyCount "148"]

1. Nf3 Nf6 2. c4 c6 3. d4 d5 4. Qb3 dxc4 5. Qxc4 Bf5 6. g3 Nbd7 7. Bg2 e6 8.
O-O Nb6 9. Qb3 Qd5 10. Nbd2 Qxb3 11. Nxb3 Be4 12. Bg5 Be7 13. Rfc1 O-O-O 14.
Nbd2 Bg6 15. Ne5 Nfd5 16. Bxe7 Nxe7 17. e3 Kb8 18. Ne4 Bxe4 19. Bxe4 Rhf8 20.
h4 Nd7 21. Nd3 Nf6 22. Bg2 Nf5 23. Rab1 Nd6 24. b4 Rfe8 25. Rb3 Re7 26. a4 Nd5
27. Nc5 Rc7 28. Kh2 Re7 29. Nd3 Rc7 30. Ne5 Nf6 31. Kg1 Nd7 32. Nd3 Nf6 33. f3
Nd5 34. Kf2 Re7 35. Bf1 Rc7 36. Nc5 Re7 37. e4 Nc7 38. Rbc3 Nce8 39. g4 h6 40.
Rb3 Rc7 41. Be2 Ka8 42. Rbc3 Nc8 43. Ke3 Ne7 44. f4 b6 45. Nb3 f5 46. Bc4 Nf6
47. Bxe6 fxe4 48. Kf2 Rd6 49. f5 Nxg4+ 50. Ke2 g6 51. Rf1 Nf6 52. b5 Kb7 53.
bxc6+ Rcxc6 54. Rxc6 Rxc6 55. Nd2 Rd6 56. Ke3 gxf5 57. Bxf5 Ned5+ 58. Ke2 Nc3+
59. Ke1 Rxd4 60. Bc8+ Kxc8 61. Rxf6 e3 62. Rc6+ Kd7 63. Rxc3 exd2+ 64. Kd1 Rxa4
65. h5 Rd4 66. Rg3 Kc6 67. Rc3+ Kb5 68. Rb3+ Kc4 69. Ra3 a5 70. Ra4+ Kc5 71.
Ra3 a4 72. Rg3 Rd6 73. Rg8 b5 74. Rc8+ Kb4 0-1

[Event "Wijk aan Zee II"]
[Site "Wijk aan Zee II"]
[Date "1996.??.??"]
[Round "8"]
[White "Delemarre, Jop"]
[Black "Stripunski, Alexander"]
[Result "0-1"]
[WhiteElo "2325"]
[BlackElo "2495"]
[PlyCount "90"]

1. d4 d5 2. c4 e6 3. Nf3 c5 4. cxd5 exd5 5. g3 Nc6 6. Nc3 Nf6 7. Bg2 Be7 8. O-O
Be6 9. Bg5 Ne4 10. Bxe7 Qxe7 11. Rc1 Nxc3 12. Rxc3 c4 13. b3 Qb4 14. Qc1 b5 15.
Rd1 O-O 16. Ng5 Rad8 17. bxc4 bxc4 18. e4 Bg4 19. f3 Be6 20. Qc2 g6 21. Nxe6
fxe6 22. exd5 exd5 23. f4 Qb6 24. Kh1 Rfe8 25. a3 Nxd4 26. Qd2 Re2 27. Qxd4
Re1+ 28. Bf1 Rxf1+ 29. Kg2 Rxd1 30. Qxd1 Qf6 31. Qd2 Kg7 32. Re3 d4 33. Re5 c3
34. Qd3 Qc6+ 35. Kh3 c2 36. Re7+ Kf8 37. Qe2 c1=Q 38. Qe5 Qd7+ 39. Rxd7 Rxd7
40. Qf6+ Ke8 41. Qh8+ Ke7 42. Qxh7+ Kd8 43. Qxg6 Qc4 44. f5 d3 45. Qf6+ Kc8 0-1

[Event "Wijk aan Zee II"]
[Site "Wijk aan Zee II"]
[Date "1996.??.??"]
[Round "8"]
[White "Kuijf, Marinus"]
[Black "Garcia, Gildardo"]
[Result "1-0"]
[WhiteElo "2470"]
[BlackElo "2525"]
[PlyCount "63"]

1. e4 e5 2. Bc4 Nf6 3. d3 Nc6 4. Nc3 Na5 5. Nge2 Nxc4 6. dxc4 Bc5 7. f3 d6 8.
Na4 Bb6 9. Nxb6 axb6 10. Bg5 Be6 11. b3 h6 12. Bh4 g5 13. Bf2 Nh5 14. Nc3 Nf4
15. g3 Ng2+ 16. Kd2 g4 17. Rg1 Qg5+ 18. Kd3 f5 19. Rxg2 gxf3 20. Qxf3 O-O 21.
Be3 Qg6 22. Kd2 fxe4 23. Qxe4 Bf5 24. Qxb7 Bxc2 25. Kc1 Bxb3 26. Qd5+ Kh7 27.
Kb2 Ba4 28. Qb7 Qd3 29. Qxc7+ Kg8 30. Nd5 Be8 31. Qxd6 Qxc4 32. Qe6+ 1-0

[Event "Wijk aan Zee II"]
[Site "Wijk aan Zee II"]
[Date "1996.??.??"]
[Round "8"]
[White "Van der Wiel, John"]
[Black "Van de Mortel, Jan"]
[Result "1-0"]
[WhiteElo "2535"]
[BlackElo "2315"]
[PlyCount "69"]

1. e4 c5 2. Nf3 d6 3. d4 cxd4 4. Nxd4 Nf6 5. Nc3 g6 6. Be3 Bg7 7. f3 O-O 8. Qd2
Nc6 9. O-O-O Nxd4 10. Bxd4 Be6 11. Kb1 Qc7 12. h4 Rfc8 13. h5 Qa5 14. hxg6 hxg6
15. a3 Bc4 16. Rh3 b5 17. Bxc4 Rxc4 18. Rdh1 e5 19. Be3 Rxc3 20. Qxc3 Qxc3 21.
bxc3 d5 22. Bg5 dxe4 23. Bxf6 Bxf6 24. fxe4 Rc8 25. Rf3 Be7 26. Rhf1 f6 27. Rd1
Rc7 28. Rfd3 Bxa3 29. Rd7 Rxd7 30. Rxd7 Bc5 31. Rd5 Be3 32. Rxb5 Kf7 33. Rb7+
Ke6 34. Rg7 Bg5 35. Kb2 1-0

[Event "Wijk aan Zee II"]
[Site "Wijk aan Zee II"]
[Date "1996.??.??"]
[Round "9"]
[White "Bologan, Viktor"]
[Black "Van der Wiel, John"]
[Result "1-0"]
[WhiteElo "2590"]
[BlackElo "2535"]
[PlyCount "123"]

1. e4 c5 2. Nf3 d6 3. d4 cxd4 4. Nxd4 Nf6 5. Nc3 Nc6 6. Bg5 e6 7. Qd2 a6 8.
O-O-O Bd7 9. f3 Be7 10. h4 Qc7 11. Kb1 Nxd4 12. Qxd4 b5 13. g4 Rb8 14. Bxf6
gxf6 15. Ne2 Qc5 16. Qd2 b4 17. Ng3 a5 18. b3 Rc8 19. Bc4 Bb5 20. Bxb5+ Qxb5
21. Nh5 Rc6 22. Rh2 Qe5 23. Qe2 Kd7 24. f4 Qc5 25. g5 fxg5 26. hxg5 a4 27. bxa4
Qc4 28. Ng3 Qxe2 29. Nxe2 Rc4 30. Nd4 Bd8 31. Nb5 Be7 32. Nxd6 Bxd6 33. Rhd2
Rxe4 34. Rxd6+ Kc8 35. Rd7 Re1 36. Kb2 Rxd1 37. Rxd1 h5 38. gxh6 Rxh6 39. Rd4
Rh5 40. Rxb4 Rf5 41. Kb3 Kc7 42. Rd4 e5 43. fxe5 Rxe5 44. Rf4 f5 45. c3 Kd6 46.
a3 Ke6 47. Kb4 Re1 48. a5 Ke5 49. Rf2 Rb1+ 50. Ka4 f4 51. a6 Rb8 52. Ka5 Ra8
53. Re2+ Kf5 54. Re7 Kf6 55. Rd7 Ke6 56. Rd1 Ke5 57. c4 f3 58. c5 Ke4 59. c6 f2
60. c7 Rg8 61. a7 Ke3 62. Rf1 1-0

[Event "Wijk aan Zee II"]
[Site "Wijk aan Zee II"]
[Date "1996.??.??"]
[Round "9"]
[White "Gretarsson, Helgi&Ass"]
[Black "Delemarre, Jop"]
[Result "0-1"]
[WhiteElo "2450"]
[BlackElo "2325"]
[PlyCount "94"]

1. d4 d5 2. Nf3 Nf6 3. c4 c6 4. Nc3 e6 5. cxd5 cxd5 6. Bf4 Nc6 7. e3 Nh5 8. Be5
Be7 9. Bd3 O-O 10. g4 Nf6 11. Rg1 Qb6 12. Qe2 Bd7 13. Rg3 Rfc8 14. a3 Be8 15.
g5 Nd7 16. Bf4 Nf8 17. Ne5 Nxe5 18. Bxe5 Ng6 19. Kf1 Nxe5 20. dxe5 g6 21. h4
Qb3 22. Qc2 Qxc2 23. Bxc2 Rc4 24. Rh3 Rac8 25. Bd3 R4c6 26. e4 Rb6 27. exd5
Rxb2 28. Nd1 Rb3 29. d6 Bd8 30. Kg1 Rc5 31. Bf1 Rxh3 32. Bxh3 Rxe5 33. Ne3 Bc6
34. Bg2 Bxg2 35. Kxg2 Rc5 36. Rb1 b6 37. Rd1 h5 38. Rd3 Kf8 39. Nd1 Ke8 40. Nc3
Rc4 41. Kg3 Kd7 42. f3 f5 43. gxf6 Bxf6 44. Ne4 Be5+ 45. Kf2 Rd4 46. Rb3 Bxd6
47. Ke3 Ra4 0-1

[Event "Wijk aan Zee II"]
[Site "Wijk aan Zee II"]
[Date "1996.??.??"]
[Round "9"]
[White "Miles, Anthony J"]
[Black "Kuijf, Marinus"]
[Result "1/2-1/2"]
[WhiteElo "2635"]
[BlackElo "2470"]
[PlyCount "112"]

1. d4 d5 2. Bg5 h6 3. Bh4 Bf5 4. e3 c6 5. c4 Nf6 6. Bxf6 exf6 7. Nc3 Qb6 8. Qd2
dxc4 9. Bxc4 Bb4 10. Nge2 O-O 11. O-O Nd7 12. a3 Bxc3 13. Nxc3 Rad8 14. Rac1
Qa5 15. Qe2 Nb6 16. Bb3 Bg6 17. Qf3 Rfe8 18. Qg3 Qg5 19. Rfd1 Re7 20. Ba2 h5
21. b4 a6 22. a4 h4 23. Qxg5 fxg5 24. a5 Nd7 25. Bc4 Nf6 26. Be2 g4 27. g3 h3
28. Kf1 Bf5 29. Ke1 g6 30. Rd2 Kg7 31. Rb2 Bc8 32. Rd1 Ne4 33. Nxe4 Rxe4 34.
Bc4 Re7 35. d5 cxd5 36. Rxd5 Rxd5 37. Bxd5 Bf5 38. Rd2 Rc7 39. Kd1 Bd7 40. Bb3
Bc6 41. Rd4 f5 42. Kd2 Be4 43. Rd6 Kh6 44. Ba4 Kg5 45. Bb3 Kh6 46. Rd4 Kg7 47.
Bc4 Kf6 48. Kc3 Ke5 49. Rd8 Bc6 50. Kd3 Rd7+ 51. Rxd7 Bxd7 52. Bb3 Bb5+ 53. Kd2
Ke4 54. Bd1 Bc4 55. Kc3 Bb5 56. Kd2 Bc4 1/2-1/2

[Event "Wijk aan Zee II"]
[Site "Wijk aan Zee II"]
[Date "1996.??.??"]
[Round "9"]
[White "Stripunski, Alexander"]
[Black "Nijboer, Friso"]
[Result "0-1"]
[WhiteElo "2495"]
[BlackElo "2475"]
[PlyCount "83"]

1. e4 c5 2. Nf3 e6 3. d4 cxd4 4. Nxd4 a6 5. Bd3 g6 6. O-O Bg7 7. Nb3 Nc6 8. f4
d5 9. e5 f6 10. Qe2 fxe5 11. fxe5 Nh6 12. Bxh6 Bxh6 13. N1d2 Qb6+ 14. Kh1 Qe3
15. Qg4 Nxe5 16. Qb4 Nc6 17. Qh4 Qg5 18. Qf2 Ne5 19. Rae1 Rf8 20. Qd4 Nc6 21.
Qb6 Rxf1+ 22. Rxf1 Qe3 23. Qc7 Bd7 24. a4 Qe5 25. Qxb7 Ra7 26. Qb6 Be3 27. Nc5
Bxd2 28. Nxd7 Kxd7 29. Rf7+ Kd6 30. Rf8 Ba5 31. Qb3 Qe3 32. Rf3 Qc5 33. c3 Bb6
34. Rf1 Rf7 35. Re1 Ne5 36. Be2 a5 37. Qd1 Rf2 38. b4 axb4 39. cxb4 Qxb4 40.
Bb5 Qd4 41. Qc1 Qd2 42. Qa1 0-1

[Event "Wijk aan Zee II"]
[Site "Wijk aan Zee II"]
[Date "1996.??.??"]
[Round "9"]
[White "Van de Mortel, Jan"]
[Black "Antunes, Antonio"]
[Result "1/2-1/2"]
[WhiteElo "2315"]
[BlackElo "2545"]
[PlyCount "31"]

1. d4 d5 2. Nf3 Nf6 3. Bf4 c5 4. e3 Nc6 5. c3 Qb6 6. Qb3 c4 7. Qc2 Bf5 8. Qc1
e6 9. Nbd2 h6 10. Be2 Rd8 11. O-O Be7 12. b3 cxb3 13. axb3 O-O 14. Ne5 Nxe5 15.
Bxe5 a6 16. c4 1/2-1/2

[Event "Wijk aan Zee II"]
[Site "Wijk aan Zee II"]
[Date "1996.??.??"]
[Round "10"]
[White "Delemarre, Jop"]
[Black "Nijboer, Friso"]
[Result "1-0"]
[WhiteElo "2325"]
[BlackElo "2475"]
[PlyCount "117"]

1. d4 Nf6 2. c4 g6 3. Nc3 Bg7 4. e4 d6 5. f3 O-O 6. Be3 Nc6 7. Qd2 a6 8. Nge2
Rb8 9. h4 h5 10. Nc1 e5 11. d5 Nd4 12. N1e2 c5 13. dxc6 Nxc6 14. Nd5 Nxd5 15.
cxd5 Ne7 16. O-O-O f5 17. Kb1 fxe4 18. fxe4 Bg4 19. Rc1 Kh7 20. Ng1 Rc8 21. Nh3
Rxc1+ 22. Qxc1 Bxh3 23. Rxh3 Ng8 24. Bg5 Qd7 25. Rc3 Qg4 26. Bd3 Qxg2 27. a3
Rf7 28. Ka1 Qf2 29. Rc7 Qf3 30. Rxf7 Qxf7 31. Qc8 Bf6 32. Bxf6 Nxf6 33. Qd8 Ne8
34. Ka2 Kg7 35. Bf1 Kf8 36. Bh3 Qe7 37. Qb8 a5 38. Be6 Qc7 39. Qa8 Ke7 40. Qa7
b5 41. Qg1 Kf6 42. Qf1+ Kg7 43. Qxb5 Nf6 44. Qc6 Qb8 45. Qc4 Qa7 46. Qc8 Qe7
47. Qc2 Qd8 48. Ka1 Ng4 49. Qc6 Ne3 50. Bh3 Qxh4 51. Qxd6 Qxe4 52. Qc7+ Kh6 53.
d6 Qh1+ 54. Ka2 Qd5+ 55. Kb1 Nc4 56. d7 Qd1+ 57. Ka2 Qd4 58. Qb8 Nd2 59. Qh8+
1-0

[Event "Wijk aan Zee II"]
[Site "Wijk aan Zee II"]
[Date "1996.??.??"]
[Round "10"]
[White "Gretarsson, Helgi&Ass"]
[Black "Van de Mortel, Jan"]
[Result "1-0"]
[WhiteElo "2450"]
[BlackElo "2315"]
[PlyCount "123"]

1. b3 c5 2. Bb2 Nc6 3. e3 Nf6 4. Nf3 g6 5. Bxf6 exf6 6. c4 Bg7 7. Nc3 f5 8. g3
O-O 9. Bg2 Ne7 10. Rc1 d5 11. cxd5 Nxd5 12. Nxd5 Qxd5 13. O-O Qd6 14. Qc2 b6
15. d4 Ba6 16. Rfd1 Rfd8 17. dxc5 Qxc5 18. Qxc5 bxc5 19. Nd2 Rac8 20. Nc4 Bxc4
21. bxc4 Kf8 22. Rxd8+ Rxd8 23. Rb1 Rd2 24. Rb8+ Ke7 25. Rb7+ Rd7 26. Rb5 Rc7
27. Bd5 Be5 28. Kf1 h5 29. h4 Bc3 30. a3 Kf6 31. Ke2 Ke7 32. Kd1 Ke8 33. Rb1
Ke7 34. Kc2 Ba5 35. Kb3 Bd2 36. Rd1 Ba5 37. Ka4 Bc3 38. Kb5 Bb2 39. Rd3 Be5 40.
Ka6 Rd7 41. Rb3 Rxd5 42. cxd5 Kd6 43. Kxa7 c4 44. Rb1 Kxd5 45. a4 c3 46. a5 Kc4
47. a6 Bd6 48. Kb7 Bc5 49. a7 Bxa7 50. Kxa7 Kd3 51. Kb6 c2 52. Ra1 Ke2 53. f4
Kxe3 54. Kc5 Kf2 55. Kd4 Kxg3 56. Ke3 g5 57. hxg5 h4 58. Rg1+ Kh2 59. Kf2 h3
60. Rc1 f6 61. Rxc2 fxg5 62. fxg5 1-0

[Event "Wijk aan Zee II"]
[Site "Wijk aan Zee II"]
[Date "1996.??.??"]
[Round "10"]
[White "Kuijf, Marinus"]
[Black "Stripunski, Alexander"]
[Result "1-0"]
[WhiteElo "2470"]
[BlackElo "2495"]
[PlyCount "127"]

1. e4 c5 2. c3 Nf6 3. e5 Nd5 4. Nf3 Nc6 5. Bc4 Nb6 6. Bb3 c4 7. Bc2 Qc7 8. Qe2
e6 9. b3 g5 10. Na3 g4 11. Nb5 Qb8 12. Ng5 Nxe5 13. bxc4 a6 14. Nd4 Nbxc4 15.
O-O h6 16. Ne4 Be7 17. d3 Nb6 18. f4 gxf3 19. Nxf3 Ng6 20. Qf2 Nd5 21. Nd4 f5
22. Nxf5 Rf8 23. Ng7+ Kd8 24. Qe2 Ndf4 25. Qg4 d5 26. Be3 b5 27. Ng3 e5 28. Qd1
Qc7 29. Qd2 Bg5 30. N7h5 Bg4 31. Bd1 Bxd1 32. Raxd1 Rc8 33. Ne2 Qe7 34. Nhg3
Rc6 35. d4 Nxe2+ 36. Qxe2 Rxf1+ 37. Rxf1 e4 38. Nf5 Bxe3+ 39. Qxe3 Qd7 40. Ng3
Ne7 41. Rf8+ Kc7 42. Qf4+ Qd6 43. Qf7 Kb6 44. Re8 Rc7 45. Nf1 Nc6 46. Qg8 Ka5
47. h3 Qf4 48. Qxd5 Rf7 49. Nd2 Qf2+ 50. Kh2 Qf4+ 51. Kh1 Rg7 52. Nb3+ Kb6 53.
Qxe4 Qxe4 54. Rxe4 Rg3 55. Re6 Kc7 56. d5 Nb8 57. Nc5 Rxc3 58. Nxa6+ Nxa6 59.
Rxa6 Rd3 60. Rxh6 Rxd5 61. Rh4 Rd1+ 62. Kh2 Ra1 63. Rb4 Kc6 64. Rb2 1-0

[Event "Wijk aan Zee II"]
[Site "Wijk aan Zee II"]
[Date "1996.??.??"]
[Round "10"]
[White "Van der Wiel, John"]
[Black "Garcia, Gildardo"]
[Result "1/2-1/2"]
[WhiteElo "2535"]
[BlackElo "2525"]
[PlyCount "74"]

1. e4 e5 2. Nf3 Nc6 3. d4 exd4 4. Nxd4 Nf6 5. Nxc6 bxc6 6. e5 Qe7 7. Qe2 Nd5 8.
c4 Nb6 9. Nc3 g6 10. Ne4 Qe6 11. Nf6+ Kd8 12. Bd2 Ba6 13. b3 d5 14. Bc3 dxc4
15. Qd2+ Kc8 16. Be2 Kb7 17. O-O h5 18. bxc4 Be7 19. a4 Rad8 20. Qb2 Ka8 21.
Rfb1 Rb8 22. Qc2 Bxf6 23. exf6 Bxc4 24. Re1 Bxe2 25. Rxe2 Qc4 26. Be5 Rhe8 27.
f4 Qxc2 28. Rxc2 Nd5 29. Rxc6 Rb4 30. Rd1 Kb7 31. Rcc1 c6 32. Rxd5 cxd5 33.
Rc7+ Ka6 34. Rxf7 Rd8 35. Rg7 Rb7 36. Rxg6 Ka5 37. Rg7 Rdd7 1/2-1/2